00883nam a2200181 a 450000500170000000800410001704000270005804100080008504400070009308200180010024500910011826000670020930001170027665000740039365000950046765000930056271000460065520180804042812.0161123t2016 ck ado||r|||| 00| 0 spa d aCO-BoIAVH cCO-BoIAVH 0 aspa ack04a343.077bM53c00aMemorias al Congreso de la República 2015 - 2016 / cMinisterio de Minas y Energía aBogotá, Colombia : bMinisterio de Minas y Energía,c2016. a208 páginas : bilustraciones a color, tablas, gráficas y fotografías a color ; c28 x 21 cm. + e1 CD-ROM16aMinería xAdministración públicay2015-2016zColombiavInformes26aMinería xAdministración públicaxGestión ambientaly2015-2016zColombiavInformes26aMinería xAdministración públicaxAspectos socialesy2015-2016zColombiavInformes1 aColombiabMinisterio de Minas y Energía